书目信息 |
| 题名: |
深度学习神经网络设计及案例研究
|
|
| 作者: | 格罗彼 著 ;周志杰 译 | |
| 分册: | ||
| 出版信息: | 北京 科学出版社 2021 |
|
| 页数: | 10,253页 | |
| 开本: | 24cm | |
| 丛书名: | 信息科学技术学术著作丛书 | |
| 单 册: | ||
| 中图分类: | TP181 , TP183 | |
| 科图分类: | ||
| 主题词: | 机器学习 , 人工神经网络 | |
| 电子资源: | ||
| ISBN: | 978-7-03-069765-3 | |
| 000 | 01288oam2 2200289 450 | |
| 001 | 2258184170 | |
| 005 | 20221001160951.18 | |
| 010 | @a978-7-03-069765-3@dCNY130.00 | |
| 100 | @a20211206d2021 em y0chiy50 ea | |
| 101 | 1 | @achi@ceng |
| 102 | @aCN@b110000 | |
| 105 | @ay az 000yy | |
| 200 | 1 | @a深度学习神经网络设计及案例研究@9shen du xue xi shen jing wang luo she ji ji an li yan jiu@f(美)Daniel Graupe著@g周志杰[等]译 |
| 210 | @a北京@c科学出版社@d2021 | |
| 215 | @a10,253页@d24cm | |
| 225 | 2 | @a信息科学技术学术著作丛书 |
| 320 | @a有书目 | |
| 330 | @a本书主要对深度学习神经网络模型的设计与应用进行研究。首先,对深度学习神经网络理论的发展历史、基本概念进行回顾。然后,对深度学习神经网络衍生出的反向传播神经网络、卷积神经网络、大内存存储与检索神经网络进行深入分析。通过20个实际应用案例,对不同结构深度学习神经网络的优缺点进行比较,总结这些神经网络在不同领域的应用优势。最后,给出所有应用案例的核心代码,方便读者在这些代码的基础上,完成相应深度学习神经网络模型的设计和重构。 | |
| 461 | 0 | @12001 @a信息科学技术学术著作丛书 |
| 606 | 0 | @a机器学习 |
| 606 | 0 | @a人工神经网络 |
| 690 | @aTP181@v5 | |
| 690 | @aTP183@v5 | |
| 701 | 0 | @c(美)@a格罗彼@9ge luo bi@c(Graupe, Daniel)@4著 |
| 702 | 0 | @a周志杰@9zhou zhi jie@4译 |
| 801 | 0 | @aCN@b91MARC@c20211226 |
| 905 | @aZUCC@dTP181@e52 | |
| 深度学习神经网络设计及案例研究/(美)Daniel Graupe著/周志杰[等]译.-北京:科学出版社,2021 |
| 10,253页;24cm.-(信息科学技术学术著作丛书) |
| ISBN 978-7-03-069765-3:CNY130.00 |
| 本书主要对深度学习神经网络模型的设计与应用进行研究。首先,对深度学习神经网络理论的发展历史、基本概念进行回顾。然后,对深度学习神经网络衍生出的反向传播神经网络、卷积神经网络、大内存存储与检索神经网络进行深入分析。通过20个实际应用案例,对不同结构深度学习神经网络的优缺点进行比较,总结这些神经网络在不同领域的应用优势。最后,给出所有应用案例的核心代码,方便读者在这些代码的基础上,完成相应深度学习神经网络模型的设计和重构。 |
| ● |
| 相关链接 |
|
|
|
正题名:深度学习神经网络设计及案例研究
索取号:TP181/52
 
预约/预借
| 序号 | 登录号 | 条形码 | 馆藏地/架位号 | 状态 | 备注 |
| 1 | 2000910487 | 2000910487 | 第三书库/ [索取号:TP181/52] | 在馆 | |
| 2 | 2000910488 | 2000910488 | 第三书库/ [索取号:TP181/52] | 在馆 | |
| 3 | 2000910489 | 2000910489 | 第三书库/ [索取号:TP181/52] | 在馆 |